Statistics for Fernando Alonso's F1 Career

Click here to take the quiz!

General Stats

  • This quiz has been taken 599 times
    (413 since last reset)
  • The average score is 16 of 21

Answer Stats

Answer% Correct
Aston Martin
97%
Ferrari
97%
McLaren
97%
Renault
97%
Alpine
95%
Lance Stroll
94%
Esteban Ocon
90%
32
89%
Lewis Hamilton
87%
Kimi Raikkonen
85%
Michael Schumacher
83%
Felipe Massa
81%
Jenson Button
78%
Minardi
77%
22
75%
Giancarlo Fisichella
68%
Stoffel Vandoorne
62%
Nelson Piquet Jr
60%
Romain Grosjean
36%
Jarno Trulli
21%
Tarso Marques
17%

Score Distribution

Percentile by Number Answered

Percent of People with Each Score

Your Score History

You have not taken this quiz since the last reset